[Event "14.Zlata Praha-B"]
[Site "Praha"]
[Date "2018.07.07"]
[Round "8.9"]
[White "Nemecek, Lukas"]
[Black "Koper, Stefan"]
[Result "0-1"]
[WhiteElo "1651"]
[BlackElo "1841"]
[PlyCount "94"]
[EventDate "2018.06.30"]
[EventType "swiss"]
[EventRounds "9"]
[EventCountry "CZE"]

1. e4 g6 2. Nc3 Bg7 3. g3 c5 4. Bg2 Nc6 5. d3 d6 6. Be3 e5 7. Nge2 a6 8. Qd2 b5
9. O-O Nge7 10. f4 Nd4 11. Nd1 Bg4 12. Nc1 Qd7 13. c3 Ndc6 14. Nf2 Be6 15. Ne2
Rd8 16. d4 cxd4 17. cxd4 Bc4 18. d5 Nd4 19. Bxd4 Bxe2 20. Qxe2 exd4 21. Nd3 O-O
22. f5 gxf5 23. Bh3 Qb7 24. Bxf5 Nxf5 25. Rxf5 Rde8 26. Qg4 Kh8 27. Raf1 Qe7
28. Re1 Be5 29. Rh5 f6 30. Qf5 Rf7 31. Rc1 Qd7 32. Qxd7 Rxd7 33. Nb4 a5 34. Nc6
Rc7 35. Rd1 d3 36. b3 Rec8 37. Rxd3 Rxc6 38. dxc6 Rxc6 39. Kf1 Rc2 40. Rf5 Rxa2
41. Rf2 Ra3 42. Rff3 b4 43. Rd1 a4 44. Rb1 Kg7 45. Kg2 Ra2+ 46. Kh3 a3 47. Rc1
Re2 0-1

[Event "14.Zlata Praha-B"]
[Site "Praha"]
[Date "2018.07.07"]
[Round "8.10"]
[White "Zabehlicky, Jiri"]
[Black "Konvalinka, Vladislav"]
[Result "0-1"]
[WhiteElo "1490"]
[BlackElo "1725"]
[PlyCount "88"]
[EventDate "2018.06.30"]
[EventType "swiss"]
[EventRounds "9"]
[EventCountry "CZE"]

1. e4 e6 2. d4 d5 3. Nd2 Nf6 4. e5 Nfd7 5. Ngf3 c5 6. c3 Nc6 7. Nb3 cxd4 8.
cxd4 Qb6 9. Be2 a5 10. a4 Bb4+ 11. Kf1 O-O 12. g3 f6 13. exf6 Nxf6 14. Kg2 Bd7
15. h3 Be8 16. Be3 Ne4 17. Rc1 Be7 18. Rf1 Qb4 19. Nc5 Nxc5 20. dxc5 Qxb2 21.
Rb1 Qa3 22. Rxb7 Rb8 23. Rxb8 Nxb8 24. Qb1 Bxa4 25. Bd3 Bxc5 26. Bxh7+ Kh8 27.
Bxc5 Qxc5 28. Ng5 Qe7 29. Qg6 Rf6 30. Rb1 Nd7 31. Qh5 Rh6 32. Qg4 Bc6 33. Qf4
e5 34. Qf5 d4+ 35. Kg1 Rf6 36. Qg4 e4 37. Qh4 Rh6 38. Qf4 e3 39. Nf7+ Kxh7 40.
Nxh6 gxh6 41. fxe3 dxe3 42. Re1 e2 43. Qf5+ Kh8 44. Qd3 Qc5+ 0-1

[Event "14.Zlata Praha-B"]
[Site "Praha"]
[Date "2018.07.07"]
[Round "8.11"]
[White "Vit, Zdenek"]
[Black "Mach, Petr"]
[Result "0-1"]
[WhiteElo "1707"]
[BlackElo "1656"]
[PlyCount "128"]
[EventDate "2018.06.30"]
[EventType "swiss"]
[EventRounds "9"]
[EventCountry "CZE"]

1. e4 c5 2. Nf3 Nc6 3. d4 cxd4 4. Nxd4 Nf6 5. Nc3 e6 6. a3 a6 7. Be3 Be7 8. Be2
O-O 9. f4 d6 10. O-O Bd7 11. Bf3 Qc7 12. Qd2 Na5 13. b3 Rac8 14. Nce2 g6 15. e5
Nd5 16. Bf2 Nxf4 17. Qxf4 dxe5 18. Qd2 exd4 19. Nxd4 e5 20. Ne2 Rfd8 21. Be1
Nc6 22. Qh6 Bf8 23. Qg5 h6 24. Qg3 Bg7 25. Rd1 Be6 26. Bc3 Ne7 27. Qe1 Rxd1 28.
Qxd1 Rd8 29. Qe1 Nd5 30. Ba5 b6 31. Bxd5 Rxd5 32. Bc3 Qc5+ 33. Qf2 Qxf2+ 34.
Kxf2 Bf8 35. a4 Bf5 36. Rc1 Ba3 37. Ra1 Bc5+ 38. Ke1 Bxc2 39. b4 Be7 40. a5 b5
41. Rc1 Be4 42. g3 Bg5 43. Rd1 Rxd1+ 44. Kxd1 f6 45. Ng1 Be3 46. Nh3 Kf7 47.
Ke2 Ba7 48. Nf2 Bf5 49. Kf3 Ke6 50. Bd2 h5 51. h3 Kd5 52. g4 hxg4+ 53. hxg4 e4+
54. Ke2 Be6 55. g5 f5 56. Nh3 Bf7 57. Nf4+ Ke5 58. Ng2 Bc4+ 59. Ke1 Bf7 60.
Bf4+ Kd5 61. Kd2 Kc4 62. Bd6 Bd4 63. Ne3+ Kb3 64. Nc2 Bc3+ 0-1

[Event "14.Zlata Praha-B"]
[Site "Praha"]
[Date "2018.07.07"]
[Round "8.12"]
[White "Krnak, Vladimir"]
[Black "Stepanek, Svatopluk"]
[Result "0-1"]
[WhiteElo "1712"]
[BlackElo "1841"]
[PlyCount "82"]
[EventDate "2018.06.30"]
[EventType "swiss"]
[EventRounds "9"]
[EventCountry "CZE"]

1. d4 d5 2. Nf3 h6 3. Nbd2 Bf5 4. e3 e6 5. a3 Nf6 6. Ne5 Nbd7 7. Bb5 c6 8. Bd3
Ne4 9. Ndf3 Nb6 10. Bxe4 dxe4 11. Nd2 Qg5 12. Kf1 Bd6 13. h4 Qe7 14. Nec4 Bc7
15. Nxb6 axb6 16. c3 Qf6 17. Kg1 h5 18. Qe1 Qg6 19. b4 Qg4 20. Bb2 g5 21. hxg5
Qxg5 22. f4 exf3 23. Nxf3 Qg7 24. Qd2 Be4 25. Rf1 Ke7 26. c4 Rad8 27. Rh4 f5
28. Rh3 Bg3 29. Qc1 h4 30. Qc3 Rhg8 31. Qd2 Qg4 32. Kh1 Rg6 33. Bc3 Rdg8 34.
Qe2 Qh5 35. a4 Rg4 36. b5 Qg6 37. a5 bxa5 38. Bxa5 f4 39. Bc7 fxe3 40. Bxg3
Rxg3 41. Nxh4 Rxh3+ 0-1

[Event "14.Zlata Praha-B"]
[Site "Praha"]
[Date "2018.07.07"]
[Round "8.13"]
[White "Postranecka, Zuzana"]
[Black "Veselsky, Jan"]
[Result "0-1"]
[WhiteElo "1501"]
[BlackElo "1720"]
[PlyCount "72"]
[EventDate "2018.06.30"]
[EventType "swiss"]
[EventRounds "9"]
[EventCountry "CZE"]

1. e4 c6 2. d4 d5 3. exd5 cxd5 4. c3 Nf6 5. Bd3 Nc6 6. h3 e5 7. dxe5 Nxe5 8.
Nf3 Nxd3+ 9. Qxd3 Be7 10. O-O O-O 11. Bg5 Be6 12. Nd4 Qb6 13. Re1 Rae8 14. Nxe6
fxe6 15. Nd2 Ne4 16. Be3 Nxf2 17. Bxb6 Nxd3 18. Re3 Nxb2 19. Bxa7 Bg5 20. Re2
Bf6 21. Nb3 Na4 22. Bd4 Nxc3 23. Bxc3 Bxc3 24. Rc1 d4 25. Nc5 e5 26. Ne4 d3 27.
Nxc3 dxe2 28. Nxe2 Rd8 29. Rc2 Rd1+ 30. Kh2 e4 31. Kg3 Rd3+ 32. Kh2 e3 33. Nc1
Rd2 34. Rc3 Re8 35. Nd3 Rxd3 36. Rxd3 e2 0-1

[Event "14.Zlata Praha-B"]
[Site "Praha"]
[Date "2018.07.07"]
[Round "8.14"]
[White "Zacek, Petr"]
[Black "Kosar, Milan"]
[Result "1/2-1/2"]
[WhiteElo "1528"]
[BlackElo "1659"]
[PlyCount "35"]
[EventDate "2018.06.30"]
[EventType "swiss"]
[EventRounds "9"]
[EventCountry "CZE"]

1. e4 c5 2. Nf3 Nc6 3. Bb5 g6 4. O-O Bg7 5. c3 Qb6 6. Bxc6 bxc6 7. Na3 d6 8.
Nc4 Qc7 9. Re1 Nf6 10. e5 dxe5 11. Ncxe5 O-O 12. h3 Re8 13. Qa4 Bb7 14. Qc4 e6
15. Qxc5 Nd7 16. Nxd7 Qxd7 17. Ne5 Qc7 18. d4 1/2-1/2

[Event "14.Zlata Praha-B"]
[Site "Praha"]
[Date "2018.07.07"]
[Round "8.15"]
[White "Nemecek, Pavel ml."]
[Black "Tesar, Jakub"]
[Result "1/2-1/2"]
[WhiteElo "1383"]
[BlackElo "1299"]
[PlyCount "90"]
[EventDate "2018.06.30"]
[EventType "swiss"]
[EventRounds "9"]
[EventCountry "CZE"]

1. e4 e5 2. Bc4 Nf6 3. Nc3 Nc6 4. d3 h6 5. Nf3 Bc5 6. O-O O-O 7. Be3 Bb6 8. Qd2
Ng4 9. Bxb6 axb6 10. h3 Nf6 11. Rad1 d6 12. d4 exd4 13. Nxd4 Nxd4 14. Qxd4 Be6
15. Bxe6 fxe6 16. e5 Ne8 17. exd6 Qxd6 18. Rfe1 Qxd4 19. Rxd4 Rf6 20. Rd7 Kf8
21. a3 Rf7 22. Rd3 Re7 23. Nb5 g6 24. Rg3 Kf7 25. Nd4 Rd8 26. Rf3+ Nf6 27. c3
e5 28. Nb3 e4 29. Rfe3 Rd3 30. Rxd3 exd3 31. Rxe7+ Kxe7 32. Kf1 Kd6 33. Ke1 Ne4
34. f3 Nc5 35. Nd4 Na4 36. b3 Nxc3 37. Kd2 Nd5 38. Kxd3 Nf4+ 39. Ke4 Nxg2 40.
Nb5+ Kc6 41. Nd4+ Kd6 42. Nb5+ Kd7 43. Ke5 c6 44. Nc3 g5 45. Ne4 Ke7 1/2-1/2

[Event "14.Zlata Praha-B"]
[Site "Praha"]
[Date "2018.07.07"]
[Round "8.16"]
[White "Tichy, Tomas"]
[Black "Rous, Dominik"]
[Result "0-1"]
[WhiteElo "1180"]
[BlackElo "1226"]
[PlyCount "102"]
[EventDate "2018.06.30"]
[EventType "swiss"]
[EventRounds "9"]
[EventCountry "CZE"]

1. e4 g6 2. d4 d6 3. Nc3 Bg7 4. f3 Nf6 5. Be3 O-O 6. Bd3 b6 7. Nge2 Bb7 8. Qd2
c5 9. O-O Nbd7 10. d5 Ne5 11. b3 a6 12. a4 Re8 13. Bh6 Nxd3 14. cxd3 e6 15.
dxe6 Rxe6 16. Bxg7 Kxg7 17. Nf4 Re5 18. Qf2 d5 19. Qg3 dxe4 20. Nfe2 Re6 21.
dxe4 Nh5 22. Qg4 Bc6 23. Rad1 Qe7 24. Nf4 Nxf4 25. Qxf4 Qf6 26. Qxf6+ Rxf6 27.
Nd5 Bxd5 28. Rxd5 Rc6 29. Rc1 Rac8 30. Kf2 Kf6 31. Ke3 Ke6 32. Kf4 c4 33. b4
Rd6 34. Rxd6+ Kxd6 35. Ke3 a5 36. bxa5 bxa5 37. Kd4 Rb8 38. Kc3 Rb4 39. Ra1 Kc5
40. Ra3 Rb1 41. Ra2 Rb3+ 42. Kc2 Kb4 43. Kc1 Ra3 44. Rb2+ Kxa4 45. h3 Rb3 46.
Rc2 Kb4 47. Kd2 c3+ 48. Kd3 Rb2 49. Rxc3 Rb3 50. Rxb3+ Kxb3 51. Kd2 Kb2 0-1

[Event "14.Zlata Praha-B"]
[Site "Praha"]
[Date "2018.07.08"]
[Round "9.3"]
[White "Rosenbaumova, Lea"]
[Black "Rudiano, Nicolas"]
[Result "1/2-1/2"]
[WhiteElo "1662"]
[BlackElo "2053"]
[PlyCount "112"]
[EventDate "2018.06.30"]
[EventType "swiss"]
[EventRounds "9"]
[EventCountry "CZE"]

1. e4 c5 2. c3 d5 3. exd5 Qxd5 4. d4 Nf6 5. Nf3 Bg4 6. Be2 e6 7. Be3 cxd4 8.
cxd4 Bb4+ 9. Nc3 O-O 10. O-O Qd8 11. Qb3 Nc6 12. a3 Bxc3 13. bxc3 Na5 14. Qa2
Rc8 15. Rfc1 h6 16. c4 Bf5 17. Qb2 Rc6 18. Qb4 Rc8 19. Ra2 b6 20. Rd1 Re8 21.
Ne5 Qe7 22. Qb2 Red8 23. Raa1 Nd7 24. Nxd7 Qxd7 25. Qb4 Be4 26. Rac1 Nc6 27.
Qb2 Ne7 28. f3 Bg6 29. Bf2 Qc7 30. Bg3 Qd7 31. Bf2 Qa4 32. Be1 Nf5 33. Bf2 Rc7
34. g4 Ne7 35. Be1 Qe8 36. Bg3 Rcc8 37. c5 bxc5 38. Rxc5 Rxc5 39. dxc5 Rxd1+
40. Bxd1 Qd8 41. Qb8 Qxb8 42. Bxb8 Nc6 43. Bd6 f6 44. Ba4 Be8 45. Kf2 Kf7 46.
Ke3 Bd7 47. Bb3 Na5 48. Ba2 Bc6 49. f4 g6 50. f5 Bd7 51. Ke4 Nc6 52. Bc4 Nd8
53. Bc7 Nc6 54. Bd6 Na5 55. Ba2 Nc6 56. Bc4 Na5 1/2-1/2

[Event "14.Zlata Praha-B"]
[Site "Praha"]
[Date "2018.07.08"]
[Round "9.4"]
[White "Groh, Jiri"]
[Black "Fiser, Jiri"]
[Result "1-0"]
[WhiteElo "2097"]
[BlackElo "1914"]
[PlyCount "87"]
[EventDate "2018.06.30"]
[EventType "swiss"]
[EventRounds "9"]
[EventCountry "CZE"]

1. Nf3 Nf6 2. g3 g6 3. Bg2 Bg7 4. c4 d6 5. Nc3 e5 6. d4 Nbd7 7. O-O O-O 8. b3
c6 9. Bb2 e4 10. Ng5 d5 11. cxd5 cxd5 12. e3 a6 13. a4 b6 14. Rc1 Bb7 15. f3 h6
16. Nh3 exf3 17. Rxf3 Re8 18. Nf4 g5 19. Nd3 Qe7 20. Nf2 g4 21. Rf5 Qxe3 22.
Kf1 h5 23. Nxd5 Nxd5 24. Bxd5 Bxd5 25. Rxd5 Nf6 26. Rf5 Ne4 27. Rc2 Qh6 28. Qd3
Nd6 29. Rf4 Rac8 30. Rxc8 Rxc8 31. Qxa6 Rc2 32. Ba3 Qe6 33. Qa8+ Kh7 34. Bxd6
Qxd6 35. Qe4+ Qg6 36. Rf5 Rc1+ 37. Kg2 Kg8 38. Qd5 Bf6 39. Rxh5 Kg7 40. Rf5 Rc2
41. Rf4 Rd2 42. b4 Qc2 43. Rxg4+ Kf8 44. Qd6+ 1-0

[Event "14.Zlata Praha-B"]
[Site "Praha"]
[Date "2018.07.08"]
[Round "9.5"]
[White "Sakovski, Roman"]
[Black "Janacek, Jaroslav"]
[Result "1-0"]
[WhiteElo "1000"]
[BlackElo "1989"]
[PlyCount "101"]
[EventDate "2018.06.30"]
[EventType "swiss"]
[EventRounds "9"]
[EventCountry "CZE"]

1. e4 c5 2. c3 g6 3. d4 cxd4 4. cxd4 Bg7 5. Nc3 a6 6. a4 b6 7. Bc4 Bb7 8. f3 e6
9. Nge2 Ne7 10. O-O O-O 11. Bf4 d5 12. Bb3 Nbc6 13. Rc1 Rc8 14. Bg5 h6 15. Bh4
Qd7 16. e5 Na5 17. Ba2 Nc4 18. Bxc4 Rxc4 19. Qb3 Nc6 20. Rcd1 Qc7 21. Be1 Rb8
22. Ne4 Nxe5 23. Nd2 Nd7 24. Nxc4 dxc4 25. Qe3 Rd8 26. Bg3 Qc6 27. Nc3 Nf6 28.
h3 b5 29. axb5 axb5 30. Bh4 g5 31. Bf2 b4 32. Ne2 Nd5 33. Qc1 f5 34. Bg3 c3 35.
bxc3 bxc3 36. Be5 Bf8 37. Ng3 c2 38. Rd2 Rc8 39. Rff2 Ne3 40. Rd3 f4 41. Ne4
Qb5 42. Rxe3 fxe3 43. Rxc2 Rxc2 44. Qxc2 Bxe4 45. Qxe4 Bg7 46. Qg6 Qd7 47. Bxg7
e2 48. Be5+ Kf8 49. Qxh6+ Kf7 50. Qg7+ Ke8 51. Qxd7+ 1-0

[Event "14.Zlata Praha-B"]
[Site "Praha"]
[Date "2018.07.08"]
[Round "9.6"]
[White "Mach, Petr"]
[Black "Krivanek, Vladimir"]
[Result "0-1"]
[WhiteElo "1656"]
[BlackElo "2109"]
[PlyCount "100"]
[EventDate "2018.06.30"]
[EventType "swiss"]
[EventRounds "9"]
[EventCountry "CZE"]

1. Nf3 b6 2. g3 Bb7 3. c4 e5 4. Bg2 g6 5. b3 e4 6. Ne5 d6 7. Ng4 Bg7 8. Nc3 f5
9. Ne3 c6 10. Bb2 d5 11. cxd5 cxd5 12. d4 Ne7 13. O-O Nbc6 14. Nc2 O-O 15. Ba3
Qd7 16. e3 Ba6 17. Re1 Rac8 18. Qd2 Rc7 19. Nb4 Nxb4 20. Bxb4 Rfc8 21. Rac1 Nc6
22. Ba3 Bf6 23. Ne2 Kf7 24. h4 h6 25. Bh3 g5 26. h5 g4 27. Bf1 Bxe2 28. Bxe2
Be7 29. Bxe7 Nxe7 30. Ba6 Rxc1 31. Rxc1 Rxc1+ 32. Qxc1 Kf6 33. a4 Kg5 34. Qc3
Kxh5 35. Bb5 Qd8 36. a5 Kg5 37. axb6 Qxb6 38. Qc5 Kf6 39. Kf1 Ke6 40. b4 Qb7
41. Ke1 Qb6 42. Kd2 Qb8 43. Kc3 h5 44. Kb3 Kf6 45. Ka4 h4 46. gxh4 f4 47. exf4
Qxf4 48. Qxa7 Qxf2 49. Qb6+ Kf7 50. Qd8 Qa2# 0-1

[Event "14.Zlata Praha-B"]
[Site "Praha"]
[Date "2018.07.08"]
[Round "9.7"]
[White "Pokorny, Jan"]
[Black "Nemecek, Pavel st."]
[Result "1/2-1/2"]
[WhiteElo "1879"]
[BlackElo "1886"]
[PlyCount "86"]
[EventDate "2018.06.30"]
[EventType "swiss"]
[EventRounds "9"]
[EventCountry "CZE"]

1. d4 Nf6 2. c4 g6 3. b3 Bg7 4. Bb2 O-O 5. e3 c5 6. Nf3 d6 7. Bd3 Nc6 8. a3 Qc7
9. d5 Ne5 10. Nxe5 dxe5 11. e4 e6 12. O-O exd5 13. cxd5 Ne8 14. Nd2 f5 15. f3
f4 16. Rc1 Qe7 17. Bc3 Bd7 18. b4 b5 19. bxc5 Qxc5+ 20. Kh1 Qxa3 21. Nb1 Qd6
22. Qb3 a5 23. Bxb5 Rb8 24. Na3 Nc7 25. Bxa5 Nxb5 26. Bb4 Nxa3 27. Bxd6 Rxb3
28. Bxf8 Bxf8 29. Rc7 Bb5 30. Rfc1 Nc4 31. h3 Ne3 32. Rb7 Bc4 33. Rc7 Ba3 34.
R7xc4 Nxc4 35. Rxc4 Rb1+ 36. Kh2 Be7 37. g4 fxg3+ 38. Kxg3 Rb2 39. Rc7 Kf8 40.
h4 h5 41. Rc6 g5 42. Re6 Bb4 43. hxg5 Be1+ 1/2-1/2

[Event "14.Zlata Praha-B"]
[Site "Praha"]
[Date "2018.07.08"]
[Round "9.8"]
[White "Koper, Stefan"]
[Black "Cabart, Pavel"]
[Result "1-0"]
[WhiteElo "1841"]
[BlackElo "1724"]
[PlyCount "79"]
[EventDate "2018.06.30"]
[EventType "swiss"]
[EventRounds "9"]
[EventCountry "CZE"]

1. d4 Nf6 2. c4 e5 3. d5 Bc5 4. e3 O-O 5. Nc3 d6 6. Nge2 c6 7. Ng3 a5 8. Be2
Na6 9. a3 Nc7 10. Nge4 Nxe4 11. Nxe4 cxd5 12. cxd5 Ba7 13. O-O f5 14. Nc3 Bd7
15. e4 f4 16. Bg4 Rf6 17. Bxd7 Qxd7 18. Qf3 g5 19. h3 Raf8 20. Rd1 g4 21. Qxg4+
Qxg4 22. hxg4 Rg6 23. Kf1 Rxg4 24. Bd2 Rf6 25. f3 Rg7 26. b4 Rfg6 27. Ke2 Rxg2+
28. Kd3 Rf2 29. Rf1 Rxf1 30. Rxf1 axb4 31. axb4 Rg1 32. Rxg1+ Bxg1 33. b5 b6
34. Be1 Kf7 35. Kc4 h5 36. Bh4 Ke8 37. Na4 Kd7 38. Nc3 Ne8 39. Ne2 Ng7 40. Nxg1
1-0

[Event "14.Zlata Praha-B"]
[Site "Praha"]
[Date "2018.07.08"]
[Round "9.9"]
[White "Konvalinka, Vladislav"]
[Black "Sargsyan, Karen"]
[Result "1/2-1/2"]
[WhiteElo "1725"]
[BlackElo "1961"]
[PlyCount "93"]
[EventDate "2018.06.30"]
[EventType "swiss"]
[EventRounds "9"]
[EventCountry "CZE"]

1. d4 Nf6 2. c4 e6 3. g3 c5 4. Nf3 cxd4 5. Nxd4 d5 6. Bg2 Nc6 7. cxd5 exd5 8.
O-O Bc5 9. Nxc6 bxc6 10. Qc2 Qb6 11. Nc3 Be7 12. Be3 Qa6 13. Na4 O-O 14. Nc5
Bxc5 15. Bxc5 Re8 16. e3 Ne4 17. Bd4 Bf5 18. Qc1 Rac8 19. b4 Ng5 20. Re1 Nh3+
21. Bxh3 Bxh3 22. Qb2 f6 23. Rac1 Re6 24. Rc5 Bf5 25. Ra5 Qd3 26. Qe2 a6 27.
Qxd3 Bxd3 28. Rd1 Bc4 29. Ra3 Rb8 30. Bc5 g5 31. f3 Kf7 32. Kf2 Kg6 33. Rd4 h5
34. Rd2 f5 35. Rc3 Rbe8 36. Rcc2 Bb5 37. a3 f4 38. exf4 gxf4 39. gxf4 Re1 40.
Bd6 Rf1+ 41. Kg3 h4+ 42. Kg2 Kf5 43. Rf2 h3+ 44. Kxh3 Rg1 45. Be5 Re7 46. Rg2
Rh7+ 47. Kg3 1/2-1/2

[Event "14.Zlata Praha-B"]
[Site "Praha"]
[Date "2018.07.08"]
[Round "9.10"]
[White "Stepanek, Svatopluk"]
[Black "Feierfeil, Jiri"]
[Result "1-0"]
[WhiteElo "1841"]
[BlackElo "1807"]
[PlyCount "57"]
[EventDate "2018.06.30"]
[EventType "swiss"]
[EventRounds "9"]
[EventCountry "CZE"]

1. d4 Nf6 2. Bf4 d6 3. h3 b6 4. e3 Bb7 5. Nf3 Nbd7 6. c4 e6 7. Nc3 Be7 8. Qc2
c5 9. Nb5 Nb8 10. Rd1 a6 11. Nxd6+ Bxd6 12. dxc5 bxc5 13. Bxd6 Qa5+ 14. Qd2
Qxd2+ 15. Nxd2 Nbd7 16. f3 Rc8 17. Be2 Rc6 18. Nb3 Rb6 19. O-O Ng8 20. Rd2 Bc8
21. Rfd1 f5 22. Nxc5 Nxc5 23. Bxc5 Rc6 24. Rd8+ Kf7 25. b4 a5 26. a3 axb4 27.
axb4 h5 28. f4 Rh6 29. Rf8+ 1-0

[Event "14.Zlata Praha-B"]
[Site "Praha"]
[Date "2018.07.08"]
[Round "9.11"]
[White "Veselsky, Jan"]
[Black "Nemecek, Lukas"]
[Result "1/2-1/2"]
[WhiteElo "1720"]
[BlackElo "1651"]
[PlyCount "29"]
[EventDate "2018.06.30"]
[EventType "swiss"]
[EventRounds "9"]
[EventCountry "CZE"]

1. d4 f5 2. g3 Nf6 3. Bg2 d5 4. Nf3 e6 5. c4 Be7 6. O-O O-O 7. b3 c6 8. Ba3
Bxa3 9. Nxa3 Bd7 10. Nb1 Be8 11. Nbd2 Nbd7 12. Ne1 e5 13. dxe5 Nxe5 14. cxd5
Nxd5 15. Rc1 1/2-1/2

[Event "14.Zlata Praha-B"]
[Site "Praha"]
[Date "2018.07.08"]
[Round "9.12"]
[White "Zacek, Petr"]
[Black "Zabehlicky, Jiri"]
[Result "1-0"]
[WhiteElo "1528"]
[BlackElo "1490"]
[PlyCount "125"]
[EventDate "2018.06.30"]
[EventType "swiss"]
[EventRounds "9"]
[EventCountry "CZE"]

1. e4 e5 2. Nf3 Nc6 3. d4 exd4 4. Bc4 Bb4+ 5. c3 dxc3 6. O-O d6 7. a3 Bc5 8. b4
Bb6 9. Qb3 Qf6 10. Nxc3 Be6 11. Bg5 Qg6 12. Nd5 f6 13. Nxb6 axb6 14. Bxe6 fxg5
15. Bxg8 O-O-O 16. Qe6+ Qxe6 17. Bxe6+ Kb8 18. Bd5 h6 19. Rac1 Ne7 20. Nd4 c6
21. Ne6 cxd5 22. Nxd8 Rxd8 23. exd5 Nxd5 24. Rfe1 Nf4 25. Re7 Rf8 26. Rcc7 Nd5
27. Rxb7+ Kc8 28. Rxg7 Re8 29. Kf1 Re6 30. Ra7 Kb8 31. Rh7 Rf6 32. Raf7 Ne3+
33. Kg1 Rxf7 34. Rxf7 Nc2 35. Rd7 Nxa3 36. Rxd6 Kc7 37. Rxh6 Nc2 38. b5 Nd4 39.
Rh7+ Kd6 40. Rg7 Nxb5 41. Rxg5 Nd4 42. Kf1 b5 43. Ke1 b4 44. Kd2 Kc6 45. h4 Ne6
46. Rg6 Kd5 47. Rxe6 Kxe6 48. Kc2 Kf5 49. Kb3 Kg4 50. g3 Kf3 51. h5 Kxf2 52. h6
Kxg3 53. h7 Kg4 54. h8=Q Kf4 55. Qd4+ Kf5 56. Kxb4 Kg5 57. Qf2 Kg4 58. Kc4 Kg5
59. Kd5 Kg4 60. Ke5 Kg5 61. Qg3+ Kh6 62. Kf6 Kh7 63. Qg7# 1-0

[Event "14.Zlata Praha-B"]
[Site "Praha"]
[Date "2018.07.08"]
[Round "9.13"]
[White "Krnak, Vladimir"]
[Black "Vit, Zdenek"]
[Result "1/2-1/2"]
[WhiteElo "1712"]
[BlackElo "1707"]
[PlyCount "138"]
[EventDate "2018.06.30"]
[EventType "swiss"]
[EventRounds "9"]
[EventCountry "CZE"]

1. d4 Nf6 2. Nf3 d5 3. e3 e6 4. Nbd2 Nbd7 5. Bd3 c5 6. b3 cxd4 7. exd4 Bd6 8.
Bb2 O-O 9. O-O b6 10. Ne5 Bb7 11. f4 Ne4 12. Rf3 f5 13. Rh3 Ndf6 14. Nf1 a5 15.
a3 Ba6 16. Bxa6 Rxa6 17. Ne3 Ra8 18. c4 Rc8 19. Rc1 Qe7 20. cxd5 Nxd5 21. Nxd5
exd5 22. Rxc8 Rxc8 23. Qh5 Nf6 24. Qxf5 Rf8 25. g4 g6 26. Qc2 Qc7 27. Rc3 Qe7
28. Rc6 Ne4 29. Rc8 Kg7 30. Rxf8 Qxf8 31. Qc1 Qe7 32. g5 Qc7 33. Qe3 Qc2 34.
Bc1 Nc3 35. Bd2 Ne4 36. Bc1 Nc3 37. Bd2 Ne4 38. Be1 Qd1 39. Kg2 Bxa3 40. Bg3
Bc1 41. Qd3 Qxd3 42. Nxd3 Be3 43. h4 Bxd4 44. Be1 Bc3 45. Bxc3+ Nxc3 46. Kf3
Kf7 47. Ne5+ Ke6 48. Nc6 Nb5 49. Kg4 Kd6 50. Ne5 Nd4 51. h5 gxh5+ 52. Kxh5 Nf5
53. Kg4 Ke6 54. Nc6 d4 55. Kf3 Kd5 56. Nb8 b5 57. Nd7 a4 58. bxa4 bxa4 59. Nb6+
Kc5 60. Nxa4+ Kc4 61. Nb2+ Kc3 62. Nd1+ Kd2 63. Nf2 Nd6 64. Ng4 Kc2 65. Ne5 Kc3
66. Ke2 Nc4 67. Ng4 d3+ 68. Kd1 Kd4 69. Nf2 Ke3 1/2-1/2

[Event "14.Zlata Praha-B"]
[Site "Praha"]
[Date "2018.07.08"]
[Round "9.14"]
[White "Kosar, Milan"]
[Black "Nemecek, Pavel ml."]
[Result "1-0"]
[WhiteElo "1659"]
[BlackElo "1383"]
[PlyCount "69"]
[EventDate "2018.06.30"]
[EventType "swiss"]
[EventRounds "9"]
[EventCountry "CZE"]

1. e4 d5 2. exd5 Qxd5 3. Nc3 Qa5 4. d4 Nf6 5. Nf3 Bg4 6. Be2 e6 7. O-O c6 8. h3
Bxf3 9. Bxf3 Qc7 10. Ne4 Nxe4 11. Bxe4 Nd7 12. c3 Bd6 13. Bg5 f6 14. Qh5+ Ke7
15. Bd2 g6 16. Qe2 Rae8 17. d5 cxd5 18. Bxd5 Kd8 19. Bf3 Kc8 20. a4 Nb6 21. a5
Nc4 22. b4 Nxd2 23. Qxd2 Rd8 24. Qe3 Kb8 25. a6 b6 26. Qe4 Bh2+ 27. Kh1 Rd5 28.
Qxe6 Re5 29. Qxf6 Rhe8 30. g3 Rf5 31. Qc6 Qxc6 32. Bxc6 Bxg3 33. Bxe8 Be5 34.
Rac1 Rf3 35. Kg2 1-0

[Event "14.Zlata Praha-B"]
[Site "Praha"]
[Date "2018.07.08"]
[Round "9.15"]
[White "Tesar, Jakub"]
[Black "Postranecka, Zuzana"]
[Result "0-1"]
[WhiteElo "1299"]
[BlackElo "1501"]
[PlyCount "38"]
[EventDate "2018.06.30"]
[EventType "swiss"]
[EventRounds "9"]
[EventCountry "CZE"]

1. e4 e5 2. Nf3 Nf6 3. Nc3 Nc6 4. Bb5 Bb4 5. a3 Bxc3 6. bxc3 a6 7. Ba4 O-O 8.
O-O b5 9. Bb3 d5 10. exd5 Nxd5 11. Re1 Bg4 12. h3 Bh5 13. Bb2 Re8 14. c4 bxc4
15. Bxc4 e4 16. d3 Bxf3 17. gxf3 Nf4 18. fxe4 Qg5+ 19. Qg4 Nxh3+ 0-1

[Event "14.Zlata Praha-B"]
[Site "Praha"]
[Date "2018.07.08"]
[Round "9.16"]
[White "Gacho, Ondrej"]
[Black "Rous, Dominik"]
[Result "1/2-1/2"]
[WhiteElo "1337"]
[BlackElo "1226"]
[PlyCount "56"]
[EventDate "2018.06.30"]
[EventType "swiss"]
[EventRounds "9"]
[EventCountry "CZE"]

1. c4 c6 2. Nc3 f5 3. Nf3 Nf6 4. g3 d5 5. cxd5 Nxd5 6. Bg2 f4 7. d3 Bg4 8. Nxd5
Bxf3 9. Bxf3 cxd5 10. Bxf4 Nc6 11. O-O e5 12. Bd2 h5 13. e4 d4 14. Bxh5+ Kd7
15. a3 Be7 16. Bg4+ Kd6 17. f4 Bh4 18. fxe5+ Nxe5 19. Bb4+ Kc7 20. Rc1+ Nc6 21.
gxh4 Rxh4 22. h3 Qg5 23. Rf7+ Kb6 24. Bc5+ Ka6 25. Rf3 Rxg4+ 26. hxg4 Qxg4+ 27.
Kf1 Rh8 28. Qa4+ Na5 1/2-1/2

[Event "14.Zlata Praha-B"]
[Site "Praha"]
[Date "2018.07.08"]
[Round "9.17"]
[White "Tichy, Tomas"]
[Black "Vavrova, Jirina"]
[Result "1-0"]
[WhiteElo "1180"]
[BlackElo "1124"]
[PlyCount "65"]
[EventDate "2018.06.30"]
[EventType "swiss"]
[EventRounds "9"]
[EventCountry "CZE"]

1. e4 g6 2. d4 e6 3. Nc3 c6 4. Bd3 d5 5. e5 f6 6. f4 f5 7. Nf3 Nh6 8. h3 b5 9.
a3 a6 10. Bd2 Be7 11. O-O c5 12. dxc5 Bxc5+ 13. Kh1 d4 14. Ne2 Bb7 15. Ng5 Qd5
16. Rg1 Qd7 17. Qe1 Nc6 18. Qh4 Bf8 19. Rad1 O-O-O 20. Nc1 Nf7 21. Nxf7 Qxf7
22. Nb3 Be7 23. Qf2 h5 24. Na5 Rd7 25. Nxc6 Bxc6 26. a4 Rd5 27. axb5 Bxb5 28.
c4 Bxc4 29. Bxc4 Rd7 30. Rc1 Bc5 31. Bxa6+ Kd8 32. Rxc5 Qe7 33. Rc8# 1-0